| 000 | 02006pam a22003614a 4500 | ||
|---|---|---|---|
| 001 | 4231970 | ||
| 003 | OSt | ||
| 005 | 20210810162038.0 | ||
| 008 | 030515s2004 njua b 001 0 eng | ||
| 010 | _a 2003049879 | ||
| 020 | _a8177584219 | ||
| 035 | _a(OCoLC)ocm52302055 | ||
| 035 | _a(NNC)4231970 | ||
| 038 | _akhadija | ||
| 040 |
_aDLC _cDLC _dYDX _dOrLoB-B |
||
| 042 | _apcc | ||
| 050 | 0 | 0 |
_aTJ230 _b.S82 2004 |
| 082 | 0 | 0 |
_a621.815 _221 _bSPO |
| 100 | 1 |
_aSpotts, Merhyle Franklin, _d1895- _935900 |
|
| 245 | 1 | 0 |
_aDesign of Machine Elements / _cM.F. Spotts, T.E. Shoup, L.E. Hornberger. |
| 250 | _a8th ed. | ||
| 260 |
_aUpper Saddle River, N.J. : _bPearson Prentice Hall, _cc2004. |
||
| 300 |
_axvi, 928 p. : _bill. ; _c24 cm + _e1 CD-ROM (4 3/4 in.). |
||
| 504 | _aIncludes bibliographical references and index. | ||
| 505 | 0 | 0 |
_gCh. 1. _tFundamental Principles -- _gCh. 2. _tWorking Stresses and Failure Theories -- _gCh. 3. _tDesign of Shafts -- _gCh. 4. _tSprings -- _gCh. 5. _tScrews -- _gCh. 6. _tBelts, Clutches, Brakes and Chains -- _gCh. 7. _tWelded and Riveted Connections -- _gCh. 8. _tLubrication -- _gCh. 9. _tBall and Roller Bearings -- _gCh. 10. _tSpur Gears -- _gCh. 11. _tHelical, Bevel, and Worm Gears -- _gCh. 12. _tMiscellaneous Machine Elements -- _gCh. 13. _tPrinciples of Form Synthesis -- _gCh. 14. _tEngineering Materials -- _gCh. 15. _tDesigning with Plastic Materials. |
| 520 | 1 | _a"Now in its eighth edition, this newly revised version of a classic text from the field of machine design contains 15 self-contained chapters covering the fundamental principles for this important branch of mechanical engineering. The material is drawn from a variety of sources and makes extensive use of structured computational examples to illustrate actual design applications."--BOOK JACKET. | |
| 563 | _aPaper back | ||
| 650 | 0 |
_aMachine design. _918984 |
|
| 700 | 1 |
_aShoup, Terry E., _d1944- _935901 |
|
| 700 | 1 |
_aHornberger, Lee Emrey. _935902 |
|
| 900 | _bTOC | ||
| 942 |
_2ddc _cBK |
||
| 999 |
_c31576 _d31576 |
||